Countries By 3 Clues #8 - Statistics

General Stats
  • This quiz has been taken 33 times
  • The average score is 10 of 15
Answer Stats
3 Clues Countries % Correct
The Saviour, U.S. Dollar, San Salvador El Salvador
86%
Greenland, The Little Mermaid, Hans Christian Andersen Denmark
83%
Phoenicians, Hezbollah, Cedar Lebanon
83%
Nokia, Suomi, Baltic Sea Finland
79%
Brazzaville, Kongo, Equator Republic of the Congo
79%
Bishkek, Som, Yurt Kyrgyzstan
76%
Muammar Gaddafi, Benghazi, Arabic Libya
76%
Bergen, Erik the Red, Edvard Munch Norway
76%
Manat, Saparmurat Niyazov, Ashgabat Turkmenistan
72%
Colón, San José, Arenal Costa Rica
66%
Ibadi Islam, Strait of Hormuz, Sultan Oman
59%
President James Monroe, Dollar, West Africa Liberia
55%
Mosquito Coast, Daniel Ortega, Contras Nicaragua
48%
Orchard Road, Tamil, The Lion City Singapore
45%
Carpathian, Velvet Revolution, Koruna Slovakia
34%
No matching quizzes found
Score Distribution
Percent of People with Each Score
Percentile by Number Answered
Your Score History
You have not taken this quiz